Loading...
| Religion | 0 | 2 | 0 | 0 | 20 | 106 | 118.00 | 0 | 2 |
| Fine Arts - Visual Fine Arts | 0 | 1 | 0 | 1 | 10 | 146 | 146.00 | 0 | 1 |
| History - American History | 0 | 1 | 0 | 1 | 10 | 133 | 133.00 | 0 | 0 |
| Literature - European Literature | 0 | 1 | 0 | 1 | 10 | 136 | 136.00 | 0 | 0 |
| Literature - World Literature | 0 | 1 | 0 | 0 | 10 | 146 | 146.00 | 1 | 1 |
| History - European History | 0 | 1 | 0 | 0 | 10 | 140 | 140.00 | 0 | 1 |
| Literature - American Literature | 0 | 0 | 0 | 0 | 0 | 0.00 | 0 | 0 | |
| History - Other History | 0 | 1 | 2 | 0 | 0 | 119 | 119.00 | 0 | 0 |
| Fine Arts - Auditory Fine Arts | 0 | 0 | 0 | 0 | 0 | 0.00 | 0 | 0 | |
| Literature - British Literature | 0 | 0 | 0 | 0 | 0 | 0.00 | 0 | 0 | |
| Philosophy | 0 | 0 | 0 | 0 | 0 | 0.00 | 0 | 0 | |
| Fine Arts - Other Fine Arts | 0 | 0 | 1 | 0 | -5 | 0.00 | 0 | 0 |